Mladá slovenská poviedka 2015 zborník literárnych prác z celoštátnej súťaže mladých autorov

Bibliographic Details
Corporate Author: Mladá slovenská poviedka (Author)
Other Authors: Žabenský, Miroslav, 1972- (Compiler), Janotíková, Mária (Compiler), Fulierová, Květoslava, 1932- (Illustrator)
Format: Conference Proceeding Book
Language:Slovak
PhysicalDescription:98 s. ilustr. 21 cm
Published: V Dolnom Kubíne Oravské kultúrne stredisko 2015
ISBN:9788089744039 (brož.)
Subjects:

MARC

LEADER 00000nam a2200000 a 4500
001 vtls011134754
003 SK-MaSNL
005 20260426012604.0
008 160610s2015 xo a g 000 j slo
015 |a SNBA2015/11 
020 |a 9788089744039 (brož.) 
035 |a EFF4B4C0-BDF2-4213-9735-A9399917CE2D 
035 |a urn:nbn:sk:snk-aml2m7 
035 |a urn:nbn:sk:snk-am008lta 
040 |a SNK  |b slo  |c SNK  |e AACR2 
041 0 |a slo 
043 |a e-xo--- 
044 |a xo  |c SK 
072 7 |a 82:06  |x Literárne organizácie, súťaže  |2 konspekt 
072 7 |a 821.162.4-3  |x Slovenská próza  |2 konspekt 
080 |a 808.1  |2 2001 
080 |a 82:7.092  |2 2001 
080 |a 821.162.4-32  |2 2001 
080 |a (437.6)  |2 2001 
080 |a (082)  |2 2001 
245 0 0 |a Mladá slovenská poviedka 2015  |b zborník literárnych prác z celoštátnej súťaže mladých autorov  |c [zostavenie a redakcia: Miroslav Žabenský, Mária Janotíková ; ilustrácie: Květoslava Fulierová] 
260 |a V Dolnom Kubíne  |b Oravské kultúrne stredisko  |c 2015 
300 |a 98 s.  |b ilustr.  |c 21 cm 
650 0 7 |a literárne práce  |2 SNKPH  |9 4107 
650 0 7 |a literárne súťaže  |2 SNKPH  |9 4275 
650 0 7 |a Writings  |2 SNKPHeng  |9 265152 
650 0 7 |a Literary competitions  |2 SNKPHeng  |9 302809 
651 7 |a Slovensko  |2 SNKPH  |9 14231 
651 7 |a Slovakia  |2 SNKPHeng  |9 92630 
655 7 |a slovenské poviedky  |2 SNKPH  |9 70226 
655 7 |a zborníky  |2 SNKPH  |9 70165 
655 7 |a Slovak short stories  |2 SNKPHeng  |9 309577 
655 7 |a Miscellanea  |2 SNKPHeng  |9 265155 
700 1 |a Žabenský, Miroslav,  |d 1972-  |4 com  |4 red  |9 199200 
700 1 |a Janotíková, Mária  |4 com  |4 red  |9 331048 
700 1 |a Fulierová, Květoslava,  |d 1932-  |4 ill  |9 122639 
711 2 |a Mladá slovenská poviedka  |d (2015 : Dolný Kubín, Slovensko)  |4 aut  |9 706754 
752 |a Slovensko  |d Dolný Kubín 
919 |a 978-80-89744-03-9 
958 |a LX 
999 |c 1100638  |d 1102568 
952 |a SNK  |b SNK  |y PREZ  |7 0  |p 17A1174167  |o snkSC 166888  |i snk2015/30485  |8 0  |0 0  |1 0  |4 0  |d 2015-11-05  |f 1  |l 0  |r 2015-12-31 00:00:00  |w 2026-02-24 
952 |a SNK  |b SNK  |y VYP  |7 0  |p 17A1174168  |o snkSC 166888 D1  |i snk2015/30486  |8 0  |0 0  |1 0  |4 0  |d 2015-11-05  |l 0  |r 2026-02-24 17:28:50  |w 2026-02-24